| 000 | 00462nam a2200133Ia 4500 | ||
|---|---|---|---|
| 005 | 20260224133813.0 | ||
| 022 | _a2346-7258 | ||
| 050 | _aJZ5584 .A35 I58/ | ||
| 245 | _aInternational Journal of Peace and Conflict Studies | ||
| 250 | _aVol. 10, No.1 | ||
| 260 |
_bRCMSS _c2025 |
||
| 650 | _aConflict management--Africa--Periodicals Social conflict--Africa--Periodicals Genocide--Africa--Periodicals Africa--Politics and government--Periodicals | ||
| 942 |
_cSR _2lcc |
||
| 999 |
_c37396 _d37396 |
||